LEADER 01214nam a2200289 u 4500 001 000000039230 003 CaOOAMICUS 005 20070226113951.0 008 980506s1991 it u000 u ita u 020 $a8809006682 035 $a10793825 040 $aPUL(R)$bita 100 1 $aLana, Italo.$0(OLS)http://pul/name/10516 245 12$aL'idea della pace nell'antichità /$cItalo Lana. 260 $aS. Domenico di Fiesole :$bEdizioni Cultura della Pace,$cc1991. 300 $a214 p. ;$c20 cm 490 1 $aEnciclopedia della pace.$aTesti/Documenti ;$v10 504 $aBibliografia in nota. 650 4$aPace$xEvo antico.$0(OLS)http://pul/subject/14385 830 0$aEnciclopedia della pace.$pTesti/Documenti ;$v10.$0(OLS)http://pul/title/53120 850 $aPUL 852 $aPUL$W1$xSL Diritto e Scienze Sociali 1$y4$m183 F 71$j53364$nBK-PRI$b $qStampati$B53364$CPULBib$Z2$F53364 $H $81 941 1 $a8 961 $aINV: 72964 996 $6020$a8809006682$9(OLS)http://pul/number/48827 996 $6245$aL'idea della pace nell'antichità$9(OLS)http://pul/title/53119 996 $6260$aS. Domenico di Fiesole :$bEdizioni Cultura della Pace$9(OLS)http://pul/publisher/63963 LEADER 01187nam a2200301 a 4500 001 000000124893 003 CaOOAMICUS 005 20110331141833.0 008 110331s2010 it u000 u ita r 020 $a978-88-348-0987-7 040 $aPUL$bita 082 04$a342.45 100 1 $aCicconetti, Stefano Maria.$0(OLS)http://pul/name/26667 245 10$aLezioni di giustizia costituzionale /$cStefano Maria Cicconetti. 250 $aQuarta edizione aggiornata 260 $aTorino :$bG. Giappichelli,$c©2010. 300 $a134 p. ;$c24 cm 500 $aContiene un indice. 504 $aBibliografia p. [129]-130. 650 4$aDiritto costituzionale.$0(OLS)http://pul/subject/1174 850 $aPUL 852 $aPUL$W1$xSL Diritto e Scienze Sociali 3$y79$m342. 45 CICST 1$j143813$qDDC 21$B142826$CPULBib$Z2$F142826 $H116236 $82 941 1 $a9 996 $6020$a978-88-348-0987-7$9(OLS)http://pul/number/146840 996 $6082$a342.45$9(OLS)http://pul/classification/377 996 $6245$aLezioni di giustizia costituzionale$9(OLS)http://pul/title/157460 996 $6260$aTorino :$bG. Giappichelli$9(OLS)http://pul/publisher/49130